Management information systems for the information age / (Record no. 500)

000 -LEADER
fixed length control field 01017cam a2200289 a 4500
001 - CONTROL NUMBER
control field 15910107
003 - CONTROL NUMBER IDENTIFIER
control field OSt
005 - DATE AND TIME OF LATEST TRANSACTION
control field 20140116120829.0
008 - FIXED-LENGTH DATA ELEMENTS--GENERAL INFORMATION
fixed length control field 090917s2010 nyuab b 001 0 eng
010 ## - LIBRARY OF CONGRESS CONTROL NUMBER
LC control number 2009036809
020 ## - INTERNATIONAL STANDARD BOOK NUMBER
International Standard Book Number 9780070167094
035 ## - SYSTEM CONTROL NUMBER
System control number (OCoLC)ocn320803033
040 ## - CATALOGING SOURCE
Transcribing agency DLC
Modifying agency BTCTA
-- C#P
-- BWX
-- DLC
050 00 - LIBRARY OF CONGRESS CALL NUMBER
Classification number T58.6.H33 2010
100 1# - MAIN ENTRY--PERSONAL NAME
Personal name Haag, Stephen.
245 10 - TITLE STATEMENT
Title Management information systems for the information age /
Statement of responsibility, etc Stephen Haag and Maeve Cummings.
250 ## - EDITION STATEMENT
Edition statement 8th ed.
260 ## - PUBLICATION, DISTRIBUTION, ETC. (IMPRINT)
Place of publication, distribution, etc New York :
Name of publisher, distributor, etc McGraw-Hill Irwin ,
Date of publication, distribution, etc 2010.
300 ## - PHYSICAL DESCRIPTION
Extent xxxi, 555 p. :
Other physical details col. ill., col. map .
504 ## - BIBLIOGRAPHY, ETC. NOTE
Bibliography, etc Includes bibliographical references and index.
650 #0 - SUBJECT ADDED ENTRY--TOPICAL TERM
Topical term or geographic name as entry element Management information systems.
650 #0 - SUBJECT ADDED ENTRY--TOPICAL TERM
Topical term or geographic name as entry element Information technology.
700 1# - ADDED ENTRY--PERSONAL NAME
Personal name Cummings, Maeve.
906 ## - LOCAL DATA ELEMENT F, LDF (RLIN)
a 7
b cbc
c orignew
d 1
e ecip
f 20
g y-gencatlg
942 ## - ADDED ENTRY ELEMENTS (KOHA)
Source of classification or shelving scheme
Koha item type Book
Holdings
Withdrawn status Lost status Source of classification or shelving scheme Damaged status Not for loan Home library Current library Date acquired Source of acquisition Total Checkouts Full call number Barcode Date last seen Copy number Price effective from Koha item type Total Renewals Date checked out
          Riara University Library Riara University Library 21/10/2011 Purchase   T58.6.H33 2010 1454/11 21/10/2011 C.1 21/10/2011 Book    
          Riara University Library Riara University Library 21/10/2011 Purchase   T58.6.H33 2010 1455/11 21/10/2011 C.2 21/10/2011 Book    
          Riara University Library Riara University Library 21/10/2011 Purchase 2 T58.6.H33 2010 1453/11 25/03/2014 C.3 21/10/2011 Book 2 20/02/2014

Riara University Library,
P.O. Box 49940-00100,
Nairobi, Kenya.